000
00332nam a2200133Ia 4500
008
221030s9999 xx 000 0 und d
041
_a
English
100
_a
K. K. Sharma
245
0
_a
Engineering Physics Vol. II
_c
by K. K. Sharma
260
_b
Kiriti Publishers
_a
Jammu
_c
0
300
_a
207
650
_a
BB Physics
942
_c
BK
999
_c
18808
_d
18808